Landlord and Tenant (Record no. 65643)

MARC details
000 -LEADER
fixed length control field 01742cam a2200277 4500
001 - CONTROL NUMBER
control field WB3701-26
008 - FIXED-LENGTH DATA ELEMENTS--GENERAL INFORMATION
fixed length control field 000000n2000 000 0 eng u
035 ## - SYSTEM CONTROL NUMBER
System control number (Sirsi) u110050
245 ## - TITLE STATEMENT
Title Landlord and Tenant
260 ## - PUBLICATION, DISTRIBUTION, ETC.
Date of publication, distribution, etc. 2000
490 ## - SERIES STATEMENT
Series statement Estates Gazette Case Summaries
Volume/sequential designation [2000] EGCS 152(2) (16/12/00)
520 ## - SUMMARY, ETC.
Summary, etc. "R v SoS Environment and another, ex parte Spath Holme Ltd", HL 7 December 2000. CA had accepted SH's challenge to the validity of the Rent Acts (Maximum Fair Rent) Order 1999, made under a 'reserve power' in the Landlord and Tenant Act 1985 s31. SoS appealed to HL which ruled that the CA had correctly concluded that the case was one where it was appropriate to consider the statutory predecessor. Applied the majority decision in "Pepper v Hart ", whereby reference to parliamentary materials could only be made if legislation was ambiguous, obscure, or lead to an absurdity; the material relied upon consisted primarily of statements by a minister or promoter of the bill; and the effect of such statements was clear, was applied. These conditions were unsatisfied. Appeal allowed.
590 ## - LOCAL NOTE (RLIN)
Local note WB
650 ## - SUBJECT ADDED ENTRY--TOPICAL TERM
Topical term or geographic name entry element FAIR RENTS
650 ## - SUBJECT ADDED ENTRY--TOPICAL TERM
Topical term or geographic name entry element LANDLORD AND TENANT ACT 1985 S31
650 ## - SUBJECT ADDED ENTRY--TOPICAL TERM
Topical term or geographic name entry element R V SOS ENVIRONMENT AND ANOTHER EX P SPATH HOLME LTD
650 ## - SUBJECT ADDED ENTRY--TOPICAL TERM
Topical term or geographic name entry element CURTIS AND OTHERS V LONDON RENT ASSESSMENT COMMITTEE AND OTHERS
650 ## - SUBJECT ADDED ENTRY--TOPICAL TERM
Topical term or geographic name entry element RENT ACTS (MAXIMUM FAIR RENT) ORDER 1999
650 ## - SUBJECT ADDED ENTRY--TOPICAL TERM
Topical term or geographic name entry element HOUSING RENTS AND SUBSIDIES ACT 1975
650 ## - SUBJECT ADDED ENTRY--TOPICAL TERM
Topical term or geographic name entry element PEPPER V HART
650 ## - SUBJECT ADDED ENTRY--TOPICAL TERM
Topical term or geographic name entry element RENT ACT 1977 S74
650 ## - SUBJECT ADDED ENTRY--TOPICAL TERM
Topical term or geographic name entry element COUNTER INFLATION ACT 1973
690 ## - LOCAL SUBJECT ADDED ENTRY--TOPICAL TERM (OCLC, RLIN)
Topical term or geographic name as entry element LANDLORD AND TENANT-RESIDENTIAL TENANCIES-CASE LAW
856 ## - ELECTRONIC LOCATION AND ACCESS
Uniform Resource Identifier <a href="https://www.publications.parliament.uk/pa/ld200001/ldjudgmt/jd001207/spath-1.htm">https://www.publications.parliament.uk/pa/ld200001/ldjudgmt/jd001207/spath-1.htm</a>
942 ## - ADDED ENTRY ELEMENTS (KOHA)
Suppress in OPAC 0
Holdings
Withdrawn status Lost status Source of classification or shelving scheme Damaged status Not for loan Home library Current library Shelving location Date acquired Total Checkouts Full call number Barcode Date last seen Copy number Price effective from Koha item type
    Dewey Decimal Classification     London London News article 22/12/2000   WB3701-26 110050-1001 06/08/2019 1 06/08/2019 Law report